00924nam a2200217Ia 4500008004100000020001800041082001800059100002300077245011500100260002500215300001500240650002300255650004500278650002600323700002300349700002400372942001600396999001700412952013000429952014700559220501s2021 xx 000 0 eng d a9789353502362 a658.403 AND-I aAnderson, David R. 0aIntroduction to management science : quantitative approaches to decision makingcDavid R. Anderson... [et al.] aDelhibCengagec2021 axxvii, 877 aManagement science aManagement science - Mathematical models aOperations Management aSweeney, Dennis J. aWilliams, Thomas A. 2ddccREF07 c18193d18193 00102ddc4070aSOBDbSOBDd2022-05-26eVedi Bookso658.403 AND-I1p001463r2022-07-01t1w2022-04-14yREFkVEDI/22-23/04/11 00102ddc4070aSOBDbSOBDd2022-05-26eVedi Booksl8m5o658.403 AND-I2p001464r2025-12-16s2025-12-03t2w2022-04-14yBKkVEDI/22-23/04/11